| 000 | 00913pam a2200265 a 4500 | ||
|---|---|---|---|
| 001 | 1920 | ||
| 005 | 20231010143555.0 | ||
| 020 | _a0859531821 | ||
| 020 | _a0859530124 (pbk.) | ||
| 040 |
_aDLC _cDLC _dDLC _dFISKH _beng |
||
| 050 | 0 | 0 |
_aPZ7.W84737 _bLi 1990 |
| 082 | 0 | 0 |
_a[E] _220 |
| 100 | 1 |
_aWood, Don, _d1945- |
|
| 245 | 1 | 4 |
_aThe little mouse, the red ripe strawberry, and the big hungry bear / _cby Don and Audrey Wood ; illustrated by Don Wood. |
| 260 |
_aNew York : _bChild's Play (International), _c1990. |
||
| 300 |
_a15 unnumbered pages : _bcolor illustrations ; _c25 x 23 cm. |
||
| 505 | _aH | ||
| 520 | _aLittle Mouse worries that the big, hungry bear will take his freshly picked, ripe, red strawberry for himself. | ||
| 521 |
_a510
_bLexile |
||
| 521 |
_aH
_bRaz-Plus |
||
| 650 | 1 |
_aMice _xFiction. |
|
| 650 | 1 |
_aStrawberries _xFiction. |
|
| 700 | 1 |
_aWood, Audrey. _eauthor |
|
| 942 |
_2ddc _cBK _n0 |
||
| 999 |
_c1920 _d1920 |
||